00454nam a22001697a 4500003000400000005001700004008004100021020002200062040002100084050002600105100001800131245002300149250001600172260002800188300004300216650002500259OSt20260610155238.0260610b |||||||| |||| 00| 0 eng d a978-0-321-59820-2 cChuka University aQH 308.2b . F73 2011 aFreeman Scott aBiological science a4th edition aNew YorkbPearsonc2011 aVarious paging bColored illustrations aBiology ...textbooks